Lanean...

Games and information : an introduction to game theory /

"Written in a crisp and approachable style, Games and Information: An Introduction to Game Theory uses simple modelling techniques and straightforward explanations to provide students with an understanding of game theory and information economics. The third edition brings the text totally up-to...

Deskribapen osoa

Xehetasun bibliografikoak
Egile nagusia: Rasmusen, Eric
Formatua: Printed Book
Argitaratua: Malden, Mass. : Blackwell, 2001.
Edizioa:2nd. Ed.
Gaiak:
LEADER 01224mam a22001814a 4500
020 |a 1557865027 
082 0 0 |a 519.3  |b RAS/G 
100 1 |a Rasmusen, Eric. 
245 1 0 |a Games and information :  |b an introduction to game theory / 
250 |a 2nd. Ed. 
260 |a Malden, Mass. :  |b Blackwell,  |c 2001. 
300 |a xxiv, 445 p. : 
520 1 |a "Written in a crisp and approachable style, Games and Information: An Introduction to Game Theory uses simple modelling techniques and straightforward explanations to provide students with an understanding of game theory and information economics. The third edition brings the text totally up-to-date. New topics include price discrimination, mechanism design, and value uncertainty in auctions. Other chapters have been extensively reorganized or rewritten.". 
520 8 |a "The book will be an indispensable tool for undergraduates studying advanced microeconmcis and of considerable interest to graduates, lecturers and researchers of game theory and information economics."--BOOK JACKET. 
650 0 |a Game theory. 
942 |c BK 
999 |c 99358  |d 99358 
952 |0 0  |1 0  |4 0  |6 519_300000000000000_RAS_G  |7 0  |9 92592  |a SSS  |b SSS  |c GEN  |d 2012-02-09  |l 0  |o 519.3 RAS/G  |p SSS01726  |r 2012-02-09  |w 2012-02-09  |y BK